Modern economic thought : the American contribution /

Bibliographic Details
Main Author: Gruchy, Allan Garfield, 1906-
Format: Book
Language:English
Published: New York : Prentice-Hall, 1947.
Subjects:

MARC

Tag First Indicator Second Indicator Subfields
LEADER 00000cam a2200000 4500
001 in00000058318
005 20151008051524.0
008 720607s1947 nyu b 00000 eng u
010 |a  47004709  
035 |a (OCoLC)00326742 
035 |9 AAG8436AM 
040 |c CSU  |d TXA  |d UtOrBLW 
043 |a n-us--- 
049 |a TXAM  |c [146528] 
050 0 |a HB119.A2  |b G7 
090 |a HB119.A2  |b G7 1947 
092 |a 330.973  |b G885m 
100 1 |a Gruchy, Allan Garfield,  |d 1906- 
245 1 0 |a Modern economic thought :  |b the American contribution /  |c by Allan G. Gruchy. 
264 1 |a New York :  |b Prentice-Hall,  |c 1947. 
300 |a xiii, 670 pages ;  |c 22 cm. 
336 |a text  |b txt  |2 rdacontent 
337 |a unmediated  |b n  |2 rdamedia 
338 |a volume  |b nc  |2 rdacarrier 
536 |a Dr. Charles E. Ferguson and Dr. Melvin L. Greenhut Economics Collection. 
504 |a Bibliography: pages 631-655. 
650 0 |a Economics  |x History  |z United States. 
999 |a MARS 
999 f f |s 0f1ff6af-0526-3bc7-a6ea-2841b82b9017  |i 55ea7db0-44dc-3aca-b925-b79db4ea6142  |t 0 
952 f f |p ric  |a Texas A&M University  |b Rellis Campus  |c Joint Library Facility  |s JLF  |d Remote Storage  |t 0  |e HB119.A2 G7 1947  |h Library of Congress classification  |i unmediated -- volume  |m A14800707366 
998 f f |a HB119.A2 G7 1947  |t 0  |l Remote Storage